| 000 | 00425pab a2200157 454500 | ||
|---|---|---|---|
| 008 | 180718b2014 xxu||||| |||| 00| 0 eng d | ||
| 100 | _aJha, Gangadhar | ||
| 245 | _aConceptualising capacity building of urban local self-government: looking beyond training | ||
| 260 | _c2014 | ||
| 300 | _ap.55-76. | ||
| 362 | _aJul-Dec | ||
| 650 | _aLocal government | ||
| 650 | _aTraining | ||
| 773 | _aUrban India | ||
| 909 | _a109904 | ||
| 999 |
_c109899 _d109899 |
||